LEADER 03191nam 2200565 450 001 9910452512903321 005 20200520144314.0 010 $a0-19-997073-4 035 $a(CKB)2550000001123544 035 $a(StDuBDS)AH25804135 035 $a(MiAaPQ)EBC3055689 035 $a(Au-PeEL)EBL3055689 035 $a(CaPaEBR)ebr10775396 035 $a(CaONFJC)MIL525261 035 $a(OCoLC)859536892 035 $a(EXLCZ)992550000001123544 100 $a20130403h20142014 uy 0 101 0 $aeng 135 $aur||||||||||| 181 $2rdacontent 182 $2rdamedia 183 $2rdacarrier 200 10$aAmerica is elsewhere $ethe noir tradition in the age of consumer culture /$fErik Dussere 210 1$aNew York :$cOxford University Press,$d[2014] 210 4$dİ2014 215 $a1 online resource (320 pages ) $cillustrations 311 $a0-19-996992-2 311 $a1-299-94010-2 320 $aIncludes bibliographical references and index. 330 8 $aAmerica is Elsewhere provides a rigorous and creative reconsideration of hard-boiled crime fiction and the film noir tradition.$bAmerica is Elsewhere provides a rigorous and creative reconsideration of hard-boiled crime fiction and the film noir tradition within three related postwar contexts: 1) the rise of the consumer republic in the United States after World War II 2) the challenge to traditional notions of masculinity posed by a new form of citizenship based in consumption, and 3) the simultaneous creation of "authenticity effects" - representational strategies designed to safeguard an image ofboth the American male and America itself outside of and in opposition to the increasingly omnipresent marketplace. Films like Double Indemnity, Ace in the Hole, and Kiss Me Deadly alongside novels by Dashiel Hammett and Raymond Chandler provide rich examples for the first half of the study. The second islargely devoted to works less commonly understood in relation to the hard-boiled and noir canon. Examinations of the conspiracy films from the Seventies and Eighties-like Klute and The Parallax View-novels by Thomas Pynchon, Chester Himes and William Gibson reveal the persistence and evolution of these authenticity effects across the second half of the American twentieth century. 606 $aDetective and mystery stories, American$xHistory and criticism 606 $aNoir fiction, American$xHistory and criticism 606 $aFilm noir$zUnited States$xHistory and criticism 606 $aNational characteristics, American, in literature 606 $aMasculinity in literature 608 $aElectronic books. 615 0$aDetective and mystery stories, American$xHistory and criticism. 615 0$aNoir fiction, American$xHistory and criticism. 615 0$aFilm noir$xHistory and criticism. 615 0$aNational characteristics, American, in literature. 615 0$aMasculinity in literature. 676 $a813/.087209 700 $aDussere$b Erik$f1968-$01051952 801 0$bMiAaPQ 801 1$bMiAaPQ 801 2$bMiAaPQ 906 $aBOOK 912 $a9910452512903321 996 $aAmerica is elsewhere$92482860 997 $aUNINA LEADER 04045nam 2200757Ia 450 001 9910969840003321 005 20251117115600.0 010 $a0-19-159728-7 010 $a1-4356-1823-8 010 $a9786611190323 010 $a1-281-19032-2 010 $a0-19-151961-8 035 $a(CKB)111087313312290 035 $a(EBL)3052431 035 $a(OCoLC)191827136 035 $a(SSID)ssj0000225938 035 $a(PQKBManifestationID)12022310 035 $a(PQKBTitleCode)TC0000225938 035 $a(PQKBWorkID)10233154 035 $a(PQKB)10586213 035 $a(SSID)ssj0000088908 035 $a(PQKBManifestationID)11127290 035 $a(PQKBTitleCode)TC0000088908 035 $a(PQKBWorkID)10088757 035 $a(PQKB)10909376 035 $a(StDuBDS)EDZ0000075551 035 $a(MiAaPQ)EBC3052431 035 $a(Au-PeEL)EBL3052431 035 $a(CaPaEBR)ebr10212254 035 $a(CaONFJC)MIL119032 035 $a(MiAaPQ)EBC7036135 035 $a(Au-PeEL)EBL7036135 035 $a(OCoLC)50285053 035 $a(FINmELB)ELB163900 035 $a(OCoLC)57563226 035 $a(EXLCZ)99111087313312290 100 $a20020722d2002 uy 0 101 0 $aeng 135 $aur|n|---||||| 181 $ctxt 182 $cc 183 $acr 200 10$aPractical reality /$fJonathan Dancy 210 $aNew York $cOxford University Press$d2002 215 $a1 online resource (200 p.) 300 $aDescription based upon print version of record. 311 08$a0-19-824115-1 311 08$a0-19-925305-6 320 $aIncludes bibliographical references and index. 327 $a""Contents""; ""1. Reasons for Action""; ""1. Good Reasons and those for which the Agent Acted""; ""2. The Reason Why""; ""3. Other Versions of the Motivating-Normative Distinction""; ""4. Justification and Explanation""; ""5. Four More Distinctions""; ""6. Looking Back and Looking Forward""; ""Appendix. The History of the Distinction between Motivating and Normative Reasons""; ""2. Reasons and Desires""; ""1. Internalism and Desire-Based Reasons""; ""2. Against Desire-Based Reasons""; ""Appendix. Korsgaard on Instrumental Reason""; ""3. Reasons and Beliefs""; ""1. Moral Reasons and Beliefs"" 327 $a""2. Practical Reasons and Beliefs""""Appendix. On Detaching""; ""4. The Theory of Motivating States""; ""1. The Structure of a Complete Motivating State""; ""2. Normativity and the Explanation of Action""; ""5. Acting for a Good Reason""; ""1. Psychologism: The Three-Part Story and the Normative Story""; ""2. Against the Three-Part Story""; ""3. Explanation by Appeal to Content""; ""6. As I Believe""; ""1. Because he Believes that p""; ""2. The Role of Belief in the Psychologizing Restatement of a Reason""; ""3. Factive and Non-Factive Explanations""; ""7. Consequential Matters"" 327 $a""1. Disjunctive Conceptions""""2. Metaphysical Difficulties""; ""3. Internalism and Desire-Based Reasons Again""; ""4. Defusing Internalism""; ""5. Degrees of Objectivity""; ""8. How Many Explanations?""; ""1. Explanation and Causal Explanation""; ""2. Combining the Causal and the Normative""; ""3. Further Causal Explanations""; ""Bibliography""; ""Index""; ""A""; ""B""; ""C""; ""D""; ""E""; ""F""; ""G""; ""H""; ""I""; ""J""; ""K""; ""L""; ""M""; ""N""; ""O""; ""P""; ""Q""; ""R""; ""S""; ""T""; ""U""; ""V""; ""W"" 330 8 $aThis text discusses why we do things and the reasons why we should. It maintains that current philosophical orthodoxy bowdlerises this relation, making it impossible to understand how anyone can act for a good reason. 606 $aNormativity (Ethics) 606 $aDecision making$xMoral and ethical aspects 615 0$aNormativity (Ethics) 615 0$aDecision making$xMoral and ethical aspects. 676 $a128/.4 700 $aDancy$b Jonathan$0478424 801 0$bMiAaPQ 801 1$bMiAaPQ 801 2$bMiAaPQ 906 $aBOOK 912 $a9910969840003321 996 $aPractical reality$9264220 997 $aUNINA